18) Tomorrow Never Dies Quiz - Statistics

General Stats
  • This quiz has been taken 437 times
    433 since last reset
  • The average score is 6 of 10
Answer Stats
Question Answer % Correct
Complete Bond's line: “They’ll _____ anything these days.” Print
89%
Which capital city is one of the main characters named after? Paris
80%
What language does Bond say he’s “brushing up on” in Oxford near the start? Danish
69%
Elliot Carter tells Wai Lin that she should work in his news bureau in which city? Beijing
68%
Which car hire company store does Bond crash his BMW into? AVIS
56%
What is Bond’s call sign in the pre-title sequence? White Knight
56%
Which composer of many Bond film soundtracks joined the series with Tomorrow Never Dies? David Arnold
51%
What is Bond's reply when Dr. Kaufman says "I'm just a professional doing a job!"? "Me too"
43%
What is the name of the K D Lang song that plays over the credits? Surrender
43%
Henchman Gupta had a special skill cut from the film. What could he throw with deadly accuracy? playing cards
42%
No matching quizzes found
Score Distribution
Percent of People with Each Score
Percentile by Number Answered
Your Score History
You have not taken this quiz since the last reset